000 01281nam0a2200313 i 4500
001 RU\NLR\bibl\1994148
005 20260406061950.0
010 _a9785913665362
_9500
021 _aRU
_b2013-1481
_997
035 _a(NLR Aleph) 001982602
090 _a4111814
_c4111814
100 _a20130131d2012 u y0rusy50 ca
101 0 _arus
102 _aRU
105 _aa |||||||||
200 1 _aСамодержцы России
_eисторический роман
_fЗинаида Агеева
210 _aМосква
_cУ Никитских ворот
_d2012
215 _a537, [6] с.
_cпортр.
_d21
600 0 _aПетр
_cимператор российский
_dI
_f1672 - 1725
_xв художественной литературе
_92096001
_3RU\NLR\AUTH\661268173
600 0 _aЕкатерина
_cимператрица российская
_dI
_f1684 - 1727
_xв художественной литературе
_9970774
_3RU\NLR\auth\6645246
686 _aШ6(2=Р)8-442
700 1 _4070
_8rus
_7ca
_aАгеева
_bЗ. М.
_f1927-
_gЗинаида Михайловна
_3RU\NLR\auth\7712156
_9121885
801 0 _aRU
_bNLR
_c20130131
_gRCR
801 1 _aRU
_bNLR
_c20130131
942 _cBOOK
980 _aNBR